Name a Valid African Capital - Statistics

General Stats
  • This quiz has been taken 548 times
  • The average score is 16 of 19
Answer Stats
Hint Capital % Correct
Capitals Over 5M Population Cairo, Khartoum, Kinshasa, Luanda, Nairobi
94%
Capital on the Mediterranean Sea Algiers, Tripoli, Tunis
93%
On an island Antananarivo, Malabo, Moroni, Port Louis, Praia, Victoria, Sao Tome
93%
Starts with a K Kampala, Khartoum, Kigali, Kinshasa
92%
More than one word long Addis Ababa, Cape Town, Porto Novo, Port Louis, Sao Tome
89%
Capital of a country that starts with south Bloemfontein, Cape Town, Juba, Pretoria
88%
The capital of a monarchy Maseru, Mbabane, Rabat
87%
Capital on the Horn of Africa Addis Ababa, Asmara, Djibouti, Mogadishu
86%
Guessed 80% or more on Africa Capitals Quiz Algiers, Cairo, Nairobi, Tunis
86%
Lies on the Congo River Brazzaville, Kinshasa
85%
Starts with B Bamako, Bangui, Banjul, Bissau, Bloemfontein, Brazzaville
83%
Has coastline on the Indian Ocean Djibouti, Maputo, Mogadishu, Moroni, Port Louis, Victoria
82%
Under 50K population Freetown, Malabo, Maseru, Mbabane, Moroni, Victoria,
82%
On the Gulf of Guinea Accra, Cotonou, Libreville, Lome, Malabo
79%
With an altitude of 1500 meters or higher Addis Ababa, Asmara, Kigali, Maseru, Nairobi, Windhoek
78%
In the Kalahari Desert Bloemfontein, Gaborone, Windhoek
78%
Starts with a letter after T Victoria, Windhoek, Yamoussoukro, Yaounde
76%
Capital of a country with one border Banjul, Maseru
71%
Guessed less than 40% on Africa Capitals Quiz Cotonou, Gitega, Malabo, Maseru
67%
No matching quizzes found
Score Distribution
Percent of People with Each Score
Percentile by Number Answered
Your Score History
You have not taken this quiz